Indian IT industry and HR perspectives (Record no. 185237)

MARC details
000 -LEADER
fixed length control field 00434nam a2200169Ia 4500
005 - DATE AND TIME OF LATEST TRANSACTION
control field 20250224110206.0
008 - FIXED-LENGTH DATA ELEMENTS--GENERAL INFORMATION
fixed length control field 231217s9999 xx 000 0 und d
020 ## - INTERNATIONAL STANDARD BOOK NUMBER
International Standard Book Number 9788131415665
082 ## - DEWEY DECIMAL CLASSIFICATION NUMBER
Classification number 338.4561 SUD;1 R
100 ## - MAIN ENTRY--PERSONAL NAME
Personal name Sudhakar, G P ed.
245 #0 - TITLE STATEMENT
Title Indian IT industry and HR perspectives
250 ## - EDITION STATEMENT
Edition statement 1st ed.
260 ## - PUBLICATION, DISTRIBUTION, ETC. (IMPRINT)
Date of publication, distribution, etc. 2008
Name of publisher, distributor, etc. Icfai University press
Place of publication, distribution, etc. Hyderabad
300 ## - PHYSICAL DESCRIPTION
Extent x, 194
650 ## - SUBJECT ADDED ENTRY--TOPICAL TERM
Topical term or geographic name as entry element HR
942 ## - ADDED ENTRY ELEMENTS (KOHA)
Koha item type Books
Holdings
Date last seen Total Checkouts Full call number Accession number Old discount Uniform Resource Identifier Cost, replacement price Price effective from Category Lost status Damaged status Department Withdrawn status bill no. bill date Permanent Location Current Location Shelving location Entry date Vendor Cost, normal purchase price Grants Currency symbol Conversion rate Discount Discount type Public note
26/01/2024   338.4561 SUD;1 R 58785 20 digital/contents/58785.pdf 360.00 26/01/2024 Books     Central Library   218/Icfai/09-10/BLR 10/03/2014 Central Library Central Library Central Library 19/03/2010 IUCP 450.00 MBA RS 1 90 Rupees  
26/01/2024   338.4561 SUD;2 R1 71336   digital/contents/58785.pdf 38.00 26/01/2024 Books     Central Library   1993 28/01/2015 Central Library Central Library Central Library 02/12/2010 ICFAI Press 38.00 MBA RS 1   Rupees 71336

© For any Suggestions or Query, please contact the library staff @ librarian@pes.edu or Phone: +9180 2672 1983/ 2108.